| 000 | nam a22 7a 4500 | ||
|---|---|---|---|
| 999 |
_c30418 _d30418 |
||
| 003 | OSt | ||
| 008 | 190528b xxu||||| |||| 00| 0 eng d | ||
| 020 | _a9781632140159 | ||
| 050 |
_aHQ 1240 _b.U53 |
||
| 110 | _aUN women | ||
| 245 |
_aProgress of the world’s women 2015-2016: _btransforming economies, realizing rights |
||
| 260 |
_aUnited States : _bUN Women, _c2015 |
||
| 300 |
_a337 p. : _bill. ; _c30cm |
||
| 504 | _aIncludes bibl. refs. | ||
| 650 | _aWomen's rights | ||
| 942 |
_2lcc _cBOOKS _hHQ 1240.U53 |
||